[Event "Asian Games tt (Women)"]
[Site "Hangzhou"]
[Date "2023.09.29"]
[Round "1.14"]
[White "Citra, Dewi Ardhiani Anast"]
[Black "Kang, Sohyun"]
[Result "1-0"]
[WhiteElo "2256"]
[BlackElo "1543"]
[PlyCount "85"]
[EventDate "2023.09.29"]
[EventType "team-tourn"]
[EventRounds "9"]
[EventCountry "CHN"]
[SourceTitle "EXT 2024"]
[Source "ChessBase"]
[SourceDate "2023.10.10"]
[SourceVersion "1"]
[SourceVersionDate "2023.10.10"]
[SourceQuality "1"]
[WhiteTeam "Indonesia (W)"]
[BlackTeam "Korea (W)"]
[WhiteTeamCountry "INA"]
[BlackTeamCountry "KOR"]

1. d4 d5 2. Bf4 e6 3. e3 Nf6 4. Nd2 c5 5. c3 Nc6 6. Ngf3 Bd6 7. Bg3 0-0 8. Bd3 b6 9. e4 Be7 10. e5 Nh5 11. Ng5 Bxg5 12. Qxh5 g6 13. Qe2 cxd4 14. h4 Bh6 15. h5 Bg7 16. hxg6 hxg6 17. f4 dxc3 18. bxc3 Qe7 19. Rc1 Qa3 20. Rc2 Qa4 21. Nf3 Bb7 22. Ng5 Rfe8 23. Rh4 Qa5 24. Kf1 Ne7 25. Bf2 Nf5 26. Rh3 Rac8 27. g4 Nh6 28. Bd4 Bc6 29. Qh2 Bb5 30. Be2 Kf8 31. Rxh6 Bxh6 32. Qxh6+ Ke7 33. Qg7 Rf8 34. Qf6+ Kd7 35. Nh7 Bxe2+ 36. Rxe2 Qa3 37. Nxf8+ Rxf8 38. f5 Qc1+ 39. Kg2 Qh6 40. Be3 Qh8 41. Qxh8 Rxh8 42. fxg6 fxg6 43. Rf2 1-0

[Event "Wch U10 Girls"]
[Site "Batumi"]
[Date "2016.10.28"]
[Round "9.34"]
[White "Kang, Sohyun"]
[Black "Gagua, Nani"]
[Result "0-1"]
[WhiteElo "1147"]
[BlackElo "1330"]
[PlyCount "62"]
[EventDate "2016.10.19"]
[EventType "swiss"]
[EventRounds "11"]
[EventCountry "GEO"]
[SourceTitle "EXT 2018"]
[Source "ChessBase"]
[SourceDate "2017.10.13"]
[SourceVersion "1"]
[SourceVersionDate "2017.10.13"]
[SourceQuality "1"]

1. e4 c5 2. c3 d5 3. exd5 Qxd5 4. d4 cxd4 5. cxd4 Nc6 6. Nf3 e5 7. Nc3 Bb4 8. Bd2 Bxc3 9. Bxc3 e4 10. Ne5 Nxe5 11. dxe5 Ne7 12. Be2 0-0 13. 0-0 Be6 14. Bb4 Rfe8 15. Bxe7 Rxe7 16. f4 exf3 17. Bxf3 Qxe5 18. b3 Qc5+ 19. Kh1 Rd7 20. Qe2 Rad8 21. Rac1 Qe7 22. Rfd1 b6 23. Rxd7 Qxd7 24. Qf1 h6 25. h3 Rc8 26. Rd1 Qe7 27. Qd3 Rc7 28. Be4 Rd7 29. Qc2 Rxd1+ 30. Qxd1 Bxh3 31. Qe1 Bf5 0-1